Toán tài chính ứng dụng : Tóm tắt cơ sở lý thuyết, bài toán ứng dụng - lời giải, bài tập - đáp số, hướng dẫn Excel

Sách gồm 8 chương trình bày những công cụ toán học hết sức cơ bản trong lĩnh vực toán tài chính nhằm phục vụ cho các tính toán chung. Trong mỗi chương đều có giới thiệu cơ sở lý thuyết, bài toán ứng dụng, bài tập và hướng dẫn sử dụng...

全面介紹

Đã lưu trong:
書目詳細資料
格式: 圖書
語言:Undetermined
出版: Hà Nội Thống kê 2007
主題:
標簽: 添加標簽
沒有標簽, 成為第一個標記此記錄!
Thư viện lưu trữ: Trung tâm Học liệu Trường Đại học Cần Thơ
LEADER 01107nam a2200205Ia 4500
001 CTU_136453
008 210402s9999 xx 000 0 und d
020 |c 70000 
082 |a 658.1511 
082 |b T406 
245 0 |a Toán tài chính ứng dụng : 
245 0 |b Tóm tắt cơ sở lý thuyết, bài toán ứng dụng - lời giải, bài tập - đáp số, hướng dẫn Excel 
245 0 |c Nguyễn Tấn Bình biên soạn 
260 |a Hà Nội 
260 |b Thống kê 
260 |c 2007 
520 |a Sách gồm 8 chương trình bày những công cụ toán học hết sức cơ bản trong lĩnh vực toán tài chính nhằm phục vụ cho các tính toán chung. Trong mỗi chương đều có giới thiệu cơ sở lý thuyết, bài toán ứng dụng, bài tập và hướng dẫn sử dụng Excel. 
650 |a Economics, mathematical,Managerial accounting,Toán kinh tế 
904 |i Trọng Hải 
980 |a Trung tâm Học liệu Trường Đại học Cần Thơ